<?xml version="1.0" encoding="UTF-8"?><?xml-stylesheet type="text/xsl" href="static/style.xsl"?><OAI-PMH xmlns="http://www.openarchives.org/OAI/2.0/" xmlns:xsi="http://www.w3.org/2001/XMLSchema-instance" xsi:schemaLocation="http://www.openarchives.org/OAI/2.0/ http://www.openarchives.org/OAI/2.0/OAI-PMH.xsd"><responseDate>2026-06-29T07:50:33Z</responseDate><request verb="GetRecord" identifier="oai:docta.ucm.es:20.500.14352/118303" metadataPrefix="marc">https://docta.ucm.es/rest/oai/request</request><GetRecord><record><header><identifier>oai:docta.ucm.es:20.500.14352/118303</identifier><datestamp>2025-03-18T12:25:18Z</datestamp><setSpec>com_20.500.14352_14</setSpec><setSpec>col_20.500.14352_15</setSpec></header><metadata><record xmlns="http://www.loc.gov/MARC21/slim" xmlns:dcterms="http://purl.org/dc/terms/" xmlns:xsi="http://www.w3.org/2001/XMLSchema-instance" xmlns:doc="http://www.lyncode.com/xoai" xsi:schemaLocation="http://www.loc.gov/MARC21/slim http://www.loc.gov/standards/marcxml/schema/MARC21slim.xsd">
   <leader>00925njm 22002777a 4500</leader>
   <datafield ind2=" " ind1=" " tag="042">
      <subfield code="a">dc</subfield>
   </datafield>
   <datafield ind2=" " ind1=" " tag="720">
      <subfield code="a">Martín Cuadrado, Carmen</subfield>
      <subfield code="e">author</subfield>
   </datafield>
   <datafield ind2=" " ind1=" " tag="260">
      <subfield code="c">2024-12</subfield>
   </datafield>
   <datafield ind2=" " ind1=" " tag="520">
      <subfield code="a">RESUMEN:
El presente artículo busca analizar la presencia indígena en el primer repertorio lexicográfico publicado en Nicaragua por un nicaragüense, el «Diccionario de nicaraguanismos» (1939) de H. A. Castellón. Además, no solo se realiza una clasificación de las voces en función de la lengua amerindia de origen, sino que se distribuyen por campos léxicos con el objetivo de observar en qué parcela léxica predomina el indigenismo. Finalmente, por su productividad, se focaliza la atención en el campo léxico de la flora y se distinguen los mecanismos que el autor emplea para definir el lema. En este sentido, el trabajo esbozado pretende ser una aportación para el estudio de la lexicografía y la lexicología nicaragüense, en gran parte olvidada en las investigaciones previas.</subfield>
   </datafield>
   <datafield ind2=" " ind1=" " tag="520">
      <subfield code="a">ABSTRACT:
This article aims at analysing the indigenous presence, since loanword(s) from indigenous American languages, in the first lexicographical repertoire published in Nicaragua by a Nicaraguan, the «Diccionario de nicaraguanismos» (1939) by H. A. Castellón. In addition, not only are the words classified according to the Amerindian language of origin, but they are also distributed by lexical fields with the aim of observing in which lexical field indigenism predominates. Finally, due to its productivity, the focus is placed on the lexical field of flora, and the mechanisms used by the author to define the lemma are distinguished. In this sense, the work outlined is intended as a contribution to the study of Nicaraguan lexicography and lexicology, which has been largely neglected in previous research.</subfield>
   </datafield>
   <datafield ind2=" " ind1=" " tag="520">
      <subfield code="a">RESUMO:
Este artigo tem como objetivo analisar a presença indígena no primeiro repertório lexicográfico publicado na Nicarágua por um nicaraguense, o «Diccionario de nicaraguanismos» (1939) de H. A. Castellón. Além disso, não só as palavras são classificadas de acordo com a língua ameríndia de origem, como também são distribuídas por campos lexicais com o objetivo de observar em que campo lexical predomina o indigenismo. Por fim, devido à sua produtividade, o foco é colocado no campo lexical de flora e são distinguidos os mecanismos utilizados pelo autor para definir o lema. Neste sentido, o trabalho apresentado pretende ser um contributo para o estudo da lexicografia e da lexicologia nicaraguense, que tem sido largamente negligenciada em investigações anteriores.</subfield>
   </datafield>
   <datafield ind1="8" ind2=" " tag="024">
      <subfield code="a">Martín Cuadrado, Carmen. «Indigenismos en el “Diccionario de nicaraguanismos” (1939) de H. A. Castellón : el campo léxico del mundo vegetal». Lengua y Sociedad : Revista de Lingüística Teórica y Aplicada, vol. 23, n.º 2, diciembre de 2024, pp. 147-65. revistasinvestigacion.unmsm.edu.pe, https://doi.org/10.15381/lengsoc.v23i2.28184.</subfield>
   </datafield>
   <datafield ind1="8" ind2=" " tag="024">
      <subfield code="a">1729-9721</subfield>
   </datafield>
   <datafield ind1="8" ind2=" " tag="024">
      <subfield code="a">10.15381/lengsoc.v23i2.28184</subfield>
   </datafield>
   <datafield ind1="8" ind2=" " tag="024">
      <subfield code="a">https://hdl.handle.net/20.500.14352/118303</subfield>
   </datafield>
   <datafield ind1="8" ind2=" " tag="024">
      <subfield code="a">2413-2659</subfield>
   </datafield>
   <datafield ind1="8" ind2=" " tag="024">
      <subfield code="a">https://revistasinvestigacion.unmsm.edu.pe/index.php/lenguaysociedad/article/view/28184</subfield>
   </datafield>
   <datafield ind1="8" ind2=" " tag="024">
      <subfield code="a">https://doi.org/10.15381/lengsoc.v23i2.28184</subfield>
   </datafield>
   <datafield ind1="8" ind2=" " tag="024">
      <subfield code="a">https://revistasinvestigacion.unmsm.edu.pe/index.php/lenguaysociedad/index</subfield>
   </datafield>
   <datafield ind1="8" ind2=" " tag="024">
      <subfield code="a">https://unmsm.edu.pe/</subfield>
   </datafield>
   <datafield ind2="0" ind1="0" tag="245">
      <subfield code="a">Indigenismos en el «Diccionario de nicaraguanismos» (1939) de H. A. Castellón : el campo léxico del mundo vegetal</subfield>
   </datafield>
   <datafield ind2="0" ind1="0" tag="245">
      <subfield code="a">Indigenismos in the «Diccionario de nicaraguanismos» (1939) de H. A. Castellón : the lexical field of vegetation</subfield>
   </datafield>
   <datafield ind2="0" ind1="0" tag="245">
      <subfield code="a">Indigenismos no «Diccionario de nicaraguanismos» (1939) de H. A. Castellón : o campo lexical do mundo vegetal</subfield>
   </datafield>
</record></metadata></record></GetRecord></OAI-PMH>